00460 2200193 4500001002100000005001500021008004100036020001800077035001900095041000700114082000800121090001400129100001500143245002400158260001700182300002600199500001100225650003000236INLIS00000000000345420241224112727241224||||||||| | ||| |||| || |  a979-24-5693-7 0010-1224003454 aid0 a923 a923 AGU o0 aAgus Salim00aOto Iskandar Dinata bJembarc2007 a65 hlm.; ilus.: 20 cm aCet. 1 0aIlmu Sejarah dan Biografi